Manual para favorecer el desarrollo de competencias de lectura y escritura: primer ciclo /
Guardado en:
| Autor Principal: | |
|---|---|
| Formato: | Libro |
| Publicado: |
México :
Secretaría de Educación Pública,
2011
|
| Series: | Hacia el Logro Educativo
|
| Materias: | |
| Etiquetas: |
Agregar Etiqueta
Sin Etiquetas, Sea el primero en etiquetar este registro!
|
| LEADER | 00707nam a22002175a 4500 | ||
|---|---|---|---|
| 001 | CEM.cems013944 | ||
| 008 | 130507s2011##################000#0#####d | ||
| 005 | 20210705092552.0 | ||
| 003 | CEMS | ||
| 245 | 1 | 0 | |a Manual para favorecer el desarrollo de competencias de lectura y escritura: primer ciclo / |c Alma Rosa Cuervo González; coord. |
| 260 | |a México : |b Secretaría de Educación Pública, |c 2011 | ||
| 300 | |a 71 p. | ||
| 490 | 0 | |a Hacia el Logro Educativo | |
| 590 | |a 1083.013 | ||
| 020 | |a 9786078017546 | ||
| 100 | 1 | |a Cuervo González, Alma Rosa; coord. | |
| 653 | |a Educación | ||
| 653 | |a Lectura | ||
| 653 | |a Escritura | ||
| 653 | |a Biblioteca TC | ||
| 859 | |a CEMS |b BIB. CEMS - 11 de abril |h TC |p 1083.013 |t Ej.1 | ||
